Paroles : Toutes les machines ont un cœur - Maëlle - Statistiques

Statistiques générales
  • Ce quiz a été pris 42 fois
  • Le résultat moyen est 302 sur 369
Statistiques - réponses
Réponse % Correct
c'
100%
C'
100%
cœur
100%
Le
100%
le
100%
les
100%
machines
100%
on
100%
On
100%
ont
100%
t'
100%
T'
100%
tout
100%
Tout
100%
Toutes
100%
toutes
100%
un
100%
Un
100%
a
94%
à
94%
D'
94%
de
94%
De
94%
en
94%
qu'
94%
Qui
94%
qui
94%
se
94%
bat
91%
Comme
91%
comme
91%
entends
91%
n'
91%
pas
91%
ça
88%
des
88%
Des
88%
maman
85%
Maman,
85%
me
85%
dedans
82%
mes
82%
mon
79%
Mon
79%
est
76%
Est
76%
j'
76%
et
74%
Et
74%
Je
74%
je
74%
74%
la
74%
moi
74%
Moi
74%
moi,
74%
ai
71%
avoir
71%
doigts
71%
nous,
71%
pour
71%
Dans
68%
Sur
68%
Tu
68%
tu
68%
y
68%
au
65%
il
65%
Messenger
65%
monde,
65%
monde
65%
ordinateurs
65%
pouces
65%
pourtant
65%
que
65%
avait
62%
lui
62%
temps
62%
as
59%
dessine
59%
nos
59%
passe
59%
prévu
59%
voir
59%
bruit
56%
fait
56%
grand
56%
moment
56%
suis
56%
bats
53%
heures
53%
quoi
53%
Si
53%
vies
53%
bout
50%
capable
47%
couleurs
47%
dis
47%
fragile
47%
idées
47%
juste
47%
mieux
47%
mobile
47%
moteur
47%
Sais-
47%
selfies,
47%
tant
47%
Tant
47%
vraiment
47%
faire
44%
gueule
44%
mille
44%
perds
44%
sert
44%
étincelles
41%
likes
41%
portable
41%
rien
41%
sait
41%
smileys
41%
caché
38%
permanent
38%
Comment
35%
meilleur
35%
tape
35%
déploie
32%
peurs
32%
sortir
32%
ailes
29%
flammes,
29%
îles
29%
Oh
29%
Battue
24%
leurres
21%
Aucun quiz correspondant
Distribution des résultats
% des personnes avec chaque résultat
Percentile par nombre de réponses
Votre historique - résultats
Vous n’avez pas pris ce quiz